000 00716nam a22002057a 4500
003 0
005 20240923132810.0
008 240923b xxu||||| |||| 00| 0 eng d
020 _a978-1-5443-3376-2
050 _aLB 1028
_b.M47 2020
100 _aMertens, Donna M.
245 _aResearch and evaluation in education and psychology
_cDonna M. Mertens
250 _aFifth edition
260 _aSingapore
_bSage Publications, Inc.
_c2020
300 _axxii, 544 pages :
_bcolored illustrations and pictures ;
_c28cm.
504 _aIncludes bibliographical references, glossary, and index.
650 _aEducation--Research--Methodology.
650 _aPsychology--Research--Methodology.
942 _2lcc
_cBK
999 _c366343
_d366343